000
00214 a2200097 4500
001
58242
100
_a
245
_a
ISDN and Broadband ISDN
260
_a
Newyork
_b
Macmillan
_c
1992
090
_c
35739
_d
35739
942
_a
NUST-CAE
_c
MONOGRAPH
_c
28601
999
_c
293315
_d
293315